[Event "Philadelphia op 8th"]
[Site "Philadelphia"]
[Date "2014.04.19"]
[Round "6"]
[White "Most, Eric"]
[Black "Harmon Vellotti, Luke"]
[Result "0-1"]
[WhiteElo "2161"]
[BlackElo "2399"]
[PlyCount "60"]
[EventDate "2014.04.16"]
[EventType "swiss"]
[EventRounds "9"]
[EventCountry "USA"]
[SourceTitle "CBM 159 Extra"]
[Source "ChessBase"]
[SourceDate "2014.04.24"]
[SourceVersion "1"]
[SourceVersionDate "2014.04.24"]
[SourceQuality "1"]

1. e4 c6 2. d4 d5 3. e5 c5 4. dxc5 e6 5. a3 Nc6 6. Nf3 Bxc5 7. b4 Bb6 8. Bb2 Nge7 9. Bd3 Ng6 10. 0-0 Nf4 11. c4 0-0 12. c5 Bc7 13. Qd2 Nxe5 14. Bxh7+ Kxh7 15. Qxf4 Nc4 16. Qc1 e5 17. Nbd2 Nxb2 18. Qxb2 f6 19. Rfd1 Qe7 20. Nf1 Be6 21. Rac1 Kg8 22. Ne3 Qf7 23. Qe2 Rad8 24. h3 Rfe8 25. b5 d4 26. Nf1 Bb3 27. Re1 e4 28. N3d2 Bd5 29. Qg4 f5 30. Qg5 Re6 0-1

[Event "Philadelphia op 7th"]
[Site "Philadelphia"]
[Date "2013.03.28"]
[Round "2"]
[White "Most, Eric"]
[Black "Bryant, John Daniel"]
[Result "0-1"]
[WhiteElo "2167"]
[BlackElo "2454"]
[PlyCount "68"]
[EventDate "2013.03.27"]
[EventType "swiss"]
[EventRounds "9"]
[EventCountry "USA"]
[SourceTitle "CBM 153 Extra"]
[Source "ChessBase"]
[SourceDate "2013.04.22"]
[SourceVersion "1"]
[SourceVersionDate "2013.04.22"]
[SourceQuality "1"]

1. e4 d5 2. Nc3 d4 3. Nce2 c5 4. c3 Nc6 5. d3 e5 6. g3 g6 7. Nf3 Bg7 8. Bg2 Nge7 9. 0-0 h6 10. a3 a5 11. cxd4 exd4 12. Qc2 b6 13. Nh4 Ba6 14. b3 a4 15. Bb2 axb3 16. Qxb3 Ne5 17. Nc1 c4 18. dxc4 Bxc4 19. Qd1 Bxf1 20. Bxf1 0-0 21. f4 N5c6 22. Bc4 Na5 23. Ba2 Rc8 24. Nf3 Nc4 25. Bxc4 Rxc4 26. Qd3 Qc7 27. Ne2 Rd8 28. Rc1 Rxc1+ 29. Bxc1 Rc8 30. e5 Qc4 31. Qxc4 Rxc4 32. Nfxd4 Bf8 33. Bd2 Nd5 34. Kf1 Bxa3 0-1

[Event "Atlantic op 43rd"]
[Site "Washington DC"]
[Date "2011.08.28"]
[Round "4"]
[White "Most, Eric"]
[Black "Wang, Kevin A"]
[Result "1-0"]
[WhiteElo "2129"]
[BlackElo "2192"]
[PlyCount "67"]
[EventDate "2011.08.26"]
[EventType "swiss"]
[EventRounds "5"]
[EventCountry "USA"]
[SourceTitle "EXT 2014"]
[Source "ChessBase"]
[SourceDate "2013.11.20"]
[SourceVersion "1"]
[SourceVersionDate "2013.11.20"]
[SourceQuality "1"]

1. e4 c5 2. Nf3 e6 3. d3 Nc6 4. g3 g6 5. Bg2 Bg7 6. 0-0 Nge7 7. Re1 d5 8. e5 Qc7 9. Bf4 h6 10. h4 g5 11. hxg5 hxg5 12. Bxg5 Nxe5 13. c3 N5g6 14. d4 Bd7 15. c4 0-0 16. Bxe7 Nxe7 17. Ng5 e5 18. dxe5 dxc4 19. Be4 Nf5 20. Qh5 Nh6 21. Nc3 Bg4 22. Qh4 Be6 23. f4 Qc8 24. Nb5 Rd8 25. Rad1 Bg4 26. Rd6 Rxd6 27. Nxd6 Qd8 28. f5 Qa5 29. Rf1 Be2 30. f6 Bxf1 31. e6 Bd3 32. exf7+ Kh8 33. fxg7+ Kxg7 34. Ne6+ 1-0

[Event "World op 39th"]
[Site "Philadelphia"]
[Date "2011.07.02"]
[Round "5"]
[White "Van Kooten, Luuk"]
[Black "Most, Eric"]
[Result "0-1"]
[WhiteElo "2341"]
[BlackElo "2129"]
[PlyCount "89"]
[EventDate "2011.06.30"]
[EventType "swiss"]
[EventRounds "9"]
[EventCountry "USA"]
[SourceTitle "CBM 143 Extra"]
[Source "ChessBase"]
[SourceDate "2011.08.29"]
[SourceVersion "1"]
[SourceVersionDate "2011.08.29"]
[SourceQuality "1"]

1. d4 Nc6 2. d5 Ne5 3. e4 e6 4. f4 Ng6 5. dxe6 fxe6 6. Bd3 Bc5 7. Nf3 Nh4 8. Nxh4 Qxh4+ 9. g3 Qe7 10. Nc3 d6 11. Bd2 Bd7 12. Qe2 Bc6 13. 0-0-0 0-0-0 14. Rhf1 d5 15. e5 Nh6 16. Rde1 Bb4 17. g4 d4 18. Nb1 Bxd2+ 19. Nxd2 g6 20. Be4 Qc5 21. Kb1 Rd7 22. h3 Rhd8 23. Qf2 Kb8 24. Bd3 Qe7 25. Qg3 Bd5 26. Be4 Bxe4 27. Nxe4 d3 28. c3 Rd5 29. Rd1 Ng8 30. Rf3 Qd7 31. Rd2 Qb5 32. Nf2 c5 33. Rfxd3 Ne7 34. Qe3 Rxd3 35. Rxd3 Nd5 36. Qd2 Rf8 37. a3 Qa4 38. f5 gxf5 39. Qh6 Qe8 40. gxf5 Rxf5 41. c4 Rxf2 42. cxd5 Qb5 43. Rd2 Rf1+ 44. Ka2 Qc4+ 45. b3 0-1